| 000 | 00349nab a22001097u 4500 | ||
|---|---|---|---|
| 008 | 130520b1988 xxu||||| |||| 00| 0 spa d | ||
| 041 | _aspa | ||
| 100 | 1 |
_aHyun-Kyung, Chung _967442 |
|
| 245 | 0 | 0 |
_a¿Opio o semilla de revolución? El chamanismo en Corea _cChung Hyun-Kyung |
| 773 | 0 |
_tConcilium _gV.2,1988,págs.267-276 _x0210-1041 _wRev134 |
|
| 942 | _cAR | ||
| 999 |
_c355415 _d355415 |
||